LIBRARY & INFORMATION CENTRE, KCAET, TAVANUR

ONLINE PUBLIC ACCESS CATALOGUE (OPAC)

Awareness of community development in village India / (Record no. 1421)

MARC details
000 -LEADER
fixed length control field 00528cam a2200193ua 4500
041 ## - LANGUAGE CODE
Language code of text/sound track or separate title eng
082 ## - DEWEY DECIMAL CLASSIFICATION NUMBER
Classification number 307.14
Item number LAL/AW
100 ## - MAIN ENTRY--AUTHOR NAME
Personal name Lalit, K Sen .
245 ## - TITLE STATEMENT
Title Awareness of community development in village India /
250 ## - EDITION STATEMENT
Edition statement 1 /
260 ## - PUBLICATION, DISTRIBUTION, ETC. (IMPRINT)
Place of publication Hyderabad :
Name of publisher National Institute of Community Development ,
Year of publication 1966.
300 ## - PHYSICAL DESCRIPTION
Number of Pages 75 ; .
700 1# - ADDED ENTRY--PERSONAL NAME
Personal name Proditpto, Roy .
942 ## - ADDED ENTRY ELEMENTS (KOHA)
Koha item type Books
Holdings
Withdrawn status Lost status Damaged status Home library Current library Date acquired Full call number Accession Number Koha item type
Withdrawn     KAUAET Sanskrit University 07/04/2012 307.14 13064 Books
free website counter